000 00312nam a22001097a 4500
008 160613b xxu||||| |||| 00| 0 eng d
020 _a9781449651770
041 _aeng
080 _a618.2
245 _aCommunity health nursing / An alliance for health:
_cStephen Paul Holzemer; Marilyn Klainberg;
942 _2udc
_cBK
999 _c2474
_d2474